Normal view
MARC view
Entry Personal Name
001 - CONTROL NUMBER
- control field: 85607
003 - CONTROL NUMBER IDENTIFIER
- control field: dpl
005 - DATE AND TIME OF LATEST TRANSACTION
- control field: 20251031120032.0
008 - FIXED-LENGTH DATA ELEMENTS
- fixed length control field: 251031|| aca||aabn | a|a d
040 ## - CATALOGING SOURCE
- Original cataloging agency: dpl
- Transcribing agency: dpl
100 ## - HEADING--PERSONAL NAME
- Personal name: पाठक, प्रभाकर
670 ## - SOURCE DATA FOUND
- Source citation: Work cat.: (dpl)213711: त्रिपाठी सियारमण 85606, सरसों सलोनी और गेहूँ की बाली /, 2021
